000 00444pab a2200157 454500
008 180718b2006 xxu||||| |||| 00| 0 eng d
100 _aAhmad, Shakeel
245 _aNeed for efficient management of non-academic staff in Indian universities
260 _c2006
300 _ap.1-5.
362 _a21 Aug
650 _aEducational administrators - India
650 _aEducational administrators
773 _aUniversity News
909 _a70831
999 _c70831
_d70831